000 00771nam2a2200217 4500
001 RU\NLR\BIBL_A\022200333
005 20250625155515.0
035 _a(NLR Aleph) 022200333
090 _a13041561
_c13041561
100 _a20240417d1933 |||y0rusy50 ca
101 0 _aeng
102 _aRU
200 0 _a№6
210 _d1933
_aБ. м.
461 0 _1001RU\NLR\INFOCOMM_39\5000067597
_12001#$aSoviet culture review$ePubl. by the Soviet Union society for cultural relations with for reign countries (Voks)$v№6
_93232213
_cMoscow
_d1933-1934
_oPubl. by the Soviet Union society for cultural relations with for reign countries (Voks)
_tSoviet culture review
_v№6
852 _aNLR
_jКрII-1662
942 _cISSUE
980 _aNB
980 _aINPER
980 1 _aKRCH